Company Slogans #1 - Statistics

General Stats
  • This quiz has been taken 132 times
  • The average score is 8 of 13
Answer Stats
Slogan Answer % Correct
I'm Lovin' It McDonald's
95%
Finger Lickin' Good KFC
91%
Have It Your Way Burger King
77%
Pizza Delivery Experts Dominos
74%
Eat Fresh Subway
74%
We Have the Meat Arby's
62%
Better Ingredients, Better Pizza Papa Johns
60%
Make it Great Pizza Hut
55%
It's Way Better Than Fast Food. It's -----. Wendy's
46%
Think Outside the Bun Taco Bell
42%
Where the Food's the Star Hardee's
38%
It's a Whole New Neighborhood Applebee's
24%
License to Grill Chili's
10%
No matching quizzes found
Score Distribution
Percent of People with Each Score
Percentile by Number Answered
Your Score History
You have not taken this quiz